000 00919nam a2200277 a 4500
001 40776
003 BD-RjUL
005 20211209053258.0
008 160510s1969 enk b 001 0 eng d
020 _a0269671129
035 _aOCLC ocm00033115 from D960613M
_a(BD-RjUL)40891
040 _aDLC
_cDLC
_dOCL
_dUKM
_dEQO
_dBD-RjUL
_beng
041 _aeng
082 _a321.8
_bNID 1969
100 1 _aNiebuhr, Reinhold
_d1892-1971.
_9125477
245 1 4 _aThe democratic experience :
_bpast and prospects /
_cReinhold Niebuhr and Paul E. Sigmund
260 _aLondon :
_bPall Mall Press,
_c1969
300 _ax, 192 p. ;
_c21 cm
504 _aBibliographical footnotes and Index
650 0 _aDemocracy
_9125478
650 0 _aPolitical science
_xHistory
_9125479
651 0 _aDeveloping countries
_xPolitics and government
_9125480
700 1 _aSigmund, Paul E.
_9125481
942 _2ddc
_cBK
999 _c40776
_d40776